| 000 | 00388nam a2200157Ia 4500 | ||
|---|---|---|---|
| 008 | 221030s9999 xx 000 0 und d | ||
| 020 | _a9784924971257 | ||
| 041 | _aEnglish | ||
| 082 | _a105.23 | ||
| 100 | _aA. S. Grove | ||
| 245 | 0 |
_aDoing it Our Way : A Sony Memoir _cby A. S. Grove |
|
| 260 |
_bInt. House of Japan _aJapan _c2008 |
||
| 300 | _a123 | ||
| 650 | _aGeneral | ||
| 942 | _cBK | ||
| 999 |
_c9606 _d9606 |
||